书目信息 |
| 题名: |
叙事探究
|
|
| 作者: | 克兰迪宁 主编 ;鞠玉翠 译 | |
| 分册: | ||
| 出版信息: | 北京 北京师范大学出版社 2012.12 |
|
| 页数: | 385页 | |
| 开本: | 23cm | |
| 丛书名: | ||
| 单 册: | ||
| 中图分类: | I045 | |
| 科图分类: | ||
| 主题词: | 叙述学--研究 , 叙述学 | |
| 电子资源: | ||
| ISBN: | 978-7-303-15071-7 | |
| 000 | 01107nam0 22002771 450 | |
| 001 | 524 | |
| 005 | 20140910101030.17 | |
| 010 | @a978-7-303-15071-7@dCNY58.00 | |
| 100 | @a20130123d2012 em y0chiy50 ea | |
| 101 | 1 | @achi@ceng |
| 102 | @aCN@b110000 | |
| 105 | @aa z 000yy | |
| 106 | @ar | |
| 200 | 1 | @a叙事探究@AXu Shi Tan Jiu@e原理、技术与实例@EYuan Li、 Ji Shu Yu Shi Li@dNarrative inquiry@eprinciple, technique and case@f(美)瑾·克兰迪宁(D. Jean Clandinin)主编@F( Mei ) Jin· Ke Lan Di Ning (D. Jean Clandinin) Zhu Bian@g鞠玉翠等译@zeng |
| 210 | @a北京@c北京师范大学出版社@d2012.12 | |
| 215 | @a385页@c图@d23cm | |
| 300 | @a京师教育叙事研究 | |
| 330 | @a本书包括十二章内容:有档案作品中的叙事探究;不可言说、拉康的心理分析以及叙事访谈艺术;自传性理解和叙事研究等。 | |
| 510 | 1 | @aNarrative inquiry@eprinciple, technique and case@zeng |
| 606 | 0 | @a叙述学@x研究 |
| 606 | 0 | @a叙述学 |
| 690 | @aI045@v5 | |
| 701 | 0 | @g(美)@a克兰迪宁@AKe Lan Di Ning@g(女,Clandinin, D. Jean)@4主编 |
| 702 | 0 | @a鞠玉翠@AJu Yu Cui@4译 |
| 801 | 0 | @aCN@bTANGWEI@c20140603 |
| 905 | @b0837291-93@dI045@e141@f3 | |
| 叙事探究:原理、技术与实例=Narrative inquiry:principle, technique and case/(美)瑾·克兰迪宁(D. Jean Clandinin)主编/鞠玉翠等译.-北京:北京师范大学出版社,2012.12 |
| 385页:图;23cm |
| 京师教育叙事研究 |
| ISBN 978-7-303-15071-7:CNY58.00 |
| 本书包括十二章内容:有档案作品中的叙事探究;不可言说、拉康的心理分析以及叙事访谈艺术;自传性理解和叙事研究等。 |
| ● |
| 相关链接 |
|
|
|
|
正题名:叙事探究
索取号:I045/141
 
预约/预借
| 序号 | 登录号 | 条形码 | 馆藏地/架位号 | 状态 | 备注 |
| 1 | 0837291 | 208372919 | 第一样本阅览室/ [索取号:I045/141] | 在馆 | |
| 2 | 0837292 | 208372928 | 物理系资料室/ [索取号:I045/141] | 在馆 | |
| 3 | 0837293 | 208372937 | 第二借阅区/ [索取号:I045/141] | 在馆 |